Online Catalogue and eLibrary

Into the mainstream : (Record no. 3161)

MARC details
000 -LEADER
fixed length control field 00438nam a2200169Ia 4500
005 - DATE AND TIME OF LATEST TRANSACTION
control field 20241003062130.0
008 - FIXED-LENGTH DATA ELEMENTS--GENERAL INFORMATION
fixed length control field 240331s9999 xx 000 0 und d
020 ## - INTERNATIONAL STANDARD BOOK NUMBER
ISBN 0044403666
082 ## - DDC Classification
Item Number - Author Mark GER
Class No. 820
100 ## - MAIN ENTRY--PERSONAL NAME
Personal name Gerrard, N
245 #0 - TITLE STATEMENT
Title Into the mainstream :
Remainder of title how feminism has changed women's writing
260 ## - PUBLICATION, DISTRIBUTION, ETC.
Place of publication, distribution, etc. London
Name of publisher, distributor, etc. Pandora press
Date of publication, distribution, etc. 1989
300 ## - PHYSICAL DESCRIPTION
Extent (e.g. Volumes, Pages etc.) ix, 178 p .,
650 ## - SUBJECT ADDED ENTRY--TOPICAL TERM
Topical term or geographic name entry element Feminist
650 ## - SUBJECT ADDED ENTRY--TOPICAL TERM
Topical term or geographic name entry element Literature
942 ## - Koha item type (Biblio)
Koha item type Books in Stacks (Lending)
Holdings
Lost status Damaged status Collection code Home library Current library Shelving location Date acquired Full call number Accession Number Item type
    Lending WERC Library WERC Library Social Science Cupboard 03/31/2024 820 GER 2051 Books in Stacks (Lending)

© WERC Library